Физическая мезомеханика как полевая теория; Физическая мезомеханика; Т. 8, № 5

Bibliografiset tiedot
Parent link:Физическая мезомеханика/ Институт физики прочности и материаловедения ; Российская академия наук (РАН), Сибирское отделение (СО), Институт физики прочности и материаловедения (ИФПМ).— , 1998-.— 1683-805X
Т. 8, № 5.— 2005.— с. 17-22
Päätekijä: Йошида С.
Kieli:venäjä
Julkaistu: 2005
Aiheet:
Aineistotyyppi: Kirjan osa
KOHA link:https://koha.lib.tpu.ru/cgi-bin/koha/opac-detail.pl?biblionumber=449850

MARC

LEADER 00000naa2a2200000 4500
001 449850
005 20231101083232.0
035 |a (RuTPU)RU\TPU\prd\111961 
035 |a RU\TPU\prd\41646 
090 |a 449850 
100 |a 20110608a2005 k y0rusy50 ca 
101 0 |a rus 
102 |a RU 
200 1 |a Физическая мезомеханика как полевая теория  |f С. Йошида 
320 |a Библиогр.: 14 назв. 
461 0 |0 (RuTPU)RU\TPU\prd\353  |x 1683-805X  |t Физическая мезомеханика  |f Институт физики прочности и материаловедения ; Российская академия наук (РАН), Сибирское отделение (СО), Институт физики прочности и материаловедения (ИФПМ)  |d 1998- 
463 0 |0 (RuTPU)RU\TPU\prd\111959  |t Т. 8, № 5  |v с. 17-22  |d 2005 
610 1 |a физическая мезомеханика 
610 1 |a полевая теория 
610 1 |a электромагнитное поле 
610 1 |a компенсационное поле 
610 1 |a инвариантность 
610 1 |a уравнения Шредингера 
610 1 |a заряженные частицы 
610 1 |a волновые функции 
610 1 |a фазовые превращения 
610 1 |a дифференциальные уравнения 
610 1 |a уравнения Максвелла 
610 1 |a закон Ленца 
700 1 |a Йошида  |b С. 
801 1 |a RU  |b 63413507  |c 20060227  |g PSBO 
801 2 |a RU  |b 63413507  |c 20151105  |g RCR 
942 |c BK